000 00326nam a22001337a 4500
008 260220b ||||| |||| 00| 0 eng d
020 _a9789951051965
041 _ashqip
080 _a2.1
100 _a20.1
101 _aroman
245 _aHyrje në Shkencat Shoqërore
_cBernard Valade,Renaud Fillieule
942 _2lcc
_cBK
999 _c60836
_d60836